| 000 | 00837nam a2200265Ia 4500 | ||
|---|---|---|---|
| 008 | 191130s2009##################000#0#eng## | ||
| 020 | _a9780745646169 | ||
| 022 | _a2010280806 | ||
| 040 |
_aACL _cACL |
||
| 082 | _a338.9 LAT | ||
| 100 | _aLatouche, Serge | ||
| 245 |
_aFarewell to growth _cSerge Latouche ; translated by David Macey |
||
| 260 |
_aCambridge _bPolity _c2009 |
||
| 300 | _aviii, 124 p. ; 22 cm | ||
| 500 | _aTranslated from the French. Includes bibliographical references and index | ||
| 650 | _aConsumption (Economics) | ||
| 650 | _aEconomic development | ||
| 650 | _aEconomics - Political aspects | ||
| 650 | _aEconomics - Psychological aspects | ||
| 650 | _aEnvironmental economics | ||
| 650 | _aFinancial crises | ||
| 990 | _a91219be7ac10000c7a44bd514b14ad5d | ||
| 991 | _a204740 | ||
| 999 |
_c181777 _d181777 |
||